01441cam a22003375i 450000100090000000300090000900500170001800800410003502000180007604000430009408200190013710000600015624501950021624600230041125000190043426400480045326400100050130000520051133600260056333700280058933800270061750000210064465000540066565300240071965500210074370000370076494200120080199900170081395201290083095201440095918247485EG-ScBUE20250723101229.0140730t2014 enka f 001 0 eng d a9780199697403 aEG-ScBUEbengerdacEG-ScBUEdEG-ScBUE04a541.3bATK2221 aAtkins, P. W.q(Peter William), d1940-937442eauthor.10aAtkins' physical chemistry /cPeter Atkins, fellow of Lincoln College, University of Oxford, Oxford, UK, Julio de Paula, Professor of Chemistry, Lewis & Clark College, Portland, Oregon, USA.30aPhysical chemistry aTenth edition. 1aOxford : bOxford University Press,c[2014] 4cc2014 axxv, 1008 pages :bcolor illustrations ;c28 cm 2rdacontentatextbtxt aunmediated2rdamediabn avolumebnc2rdacarrier aIncludes index.  7aChemistry, Physical and theoretical.2BUEsh92007 bENGGENcOctober2015 vText book9337281 aDe Paula, Julio,937443eauthor. 2ddccBB c20891d20863 00102ddc40708BaccahaMAINbMAINc1STd2015-10-08ePurchasel0o541.3 ATKp000039868r2025-07-15 00:00:00w2015-10-08yNB 00102ddc40708BaccahaMAINbMAINc1STd2015-10-08ePurchasel3m9o541.3 ATKp000039869r2025-07-15 00:00:00s2018-09-25w2015-10-08yBB